00474nam a2200121Ia 4500008004100000020001800041050002700059100002200086245016500108260005100273300002100324521000700345140609s9999 xx 000 0 und d a9789712334962 aDS 675.8R6b.Ad19 2002 aAdanza, Estela G. aIsang aklat sa pandalubhasaang kurso :bJose P. Rizal : ang kanyang buhay, ginawa at naging bahagi si Himagsikang Pilipino /cEstela G. Adanza, Libert A. Acibo aManila, Philippines :bRex Book Store,cc2002. a211 p. ;c23 cm. aGE